000 01600cam a22004337a 4500
001 000092348
003 CHAP
005 20220329142846.0
008 040913s2003 mx |r| |000|p|spa d
010 _a88815
011 _a89787
020 _a9688849103
035 _a100338
040 _cCHAP
082 0 4 _a868.992
_bR78 2003
100 0 0 _aRosas Galicia, Rolando.
_9100013
245 1 0 _aCuestión personal :
_bpoesía hispanoamericana del siglo XX /
_cpor Rolando Rosas Galicia, Moisés Zurita Zafra y Ofelia López Ríos.
250 _a2 ed.
260 _aChapingo, Méx. :
_bUACH. Dirección General de Difusión Cultural y Servicio,
_c2003.
300 _a364 p.
590 _aBATCH-UPD
_b10
_c20130110
_lUCH01
_h1001
590 _aBATCH-UPD
_b10
_c20130410
_lUCH01
_h0612
590 _aBATCH-UPD
_b10
_c20130914
_lUCH01
_h1726
590 _aCONVERSION
_b10
_c20130109
_lUCH01
_h1349
590 _aE6096MTM
_b05
_c20170406
_lUCH01
_h1331
650 1 4 _aLiteratura hispanoamericana.
_967130
650 1 4 _aPoesía latinoamericana.
_990144
650 1 4 _aPoetas.
_990153
700 0 _aLópez Ríos, Ofelia.
_968300
700 0 _aZurita Zafra, Moisés.
_9124306
901 _aBK
905 _aAlejandra Carrasco M.
942 _cLIBRO
942 _n0
949 _a868.992 R6 1993
_bBC
_cLIBRO
_d33724000797007
_eLIBRO
_fc.3
_h104622
_i100338
_si
949 _a868.992 R6 1993
_bBC
_cUACH
_d1003384
_eUACH
_fc.4
_h104623
_i100338
_sb
949 _a868.992 R6 2003
_bBC
_cLIBRO
_d33724000797080
_eLIBRO
_fc.2
_h104621
_i100338
_si
949 _a868.992 R6 2003
_bBC
_cLIBRO
_d33724000797163
_eLIBRO
_h104620
_i100338
_si
999 _c88815
_d88815